Marketing neziskových organizácií a jeho etický aspekt
Marketing a jeho uplatnenie v podmienkach neziskových organizácií
Guardado en:
| Autor principal: | |
|---|---|
| Formato: | Capítulo de libro |
| Lenguaje: | eslovaco |
| Materias: | |
| Etiquetas: |
Sin Etiquetas, Sea el primero en etiquetar este registro!
|
MARC
| LEADER | 00000naa$a2200000$$$4500 | ||
|---|---|---|---|
| 001 | 0204445 | ||
| 005 | 20240502073419.7 | ||
| 041 | 0 | |a slo | |
| 044 | |a SK | ||
| 245 | 1 | 0 | |a Marketing neziskových organizácií a jeho etický aspekt |c Eva Hanuláková |
| 520 | |a Marketing a jeho uplatnenie v podmienkach neziskových organizácií | ||
| 610 | 2 | 0 | |a organizácie neziskové |
| 610 | 2 | 0 | |a etika manažérska |
| 610 | 2 | 0 | |a stratégia marketingová |
| 610 | 2 | 0 | |a marketing |
| 100 | 1 | |a Hanuláková, Eva, 1964- | |